<?xml version="1.0" encoding="UTF-8"?>
<collection xmlns="http://www.loc.gov/MARC21/slim">
 <record>
  <leader>01905nam a22002777a 4500</leader>
  <controlfield tag="001">NCT_60260</controlfield>
  <controlfield tag="008">190222b        xxu||||| |||| 00| 0 vie d</controlfield>
  <datafield tag="999" ind1=" " ind2=" ">
   <subfield code="c">2923</subfield>
   <subfield code="d">2923</subfield>
  </datafield>
  <datafield tag="020" ind1=" " ind2=" ">
   <subfield code="a">9786040038159</subfield>
   <subfield code="c">78000</subfield>
  </datafield>
  <datafield tag="082" ind1="0" ind2="4">
   <subfield code="2">23rd ed.</subfield>
   <subfield code="a">610.73</subfield>
   <subfield code="b">H407</subfield>
  </datafield>
  <datafield tag="100" ind1="1" ind2=" ">
   <subfield code="a">Ngô Huy Hoàng</subfield>
   <subfield code="e">Chủ biên</subfield>
  </datafield>
  <datafield tag="245" ind1="1" ind2="0">
   <subfield code="a">Điều dưỡng nội ngoại khoa </subfield>
   <subfield code="b">(Dùng cho đào tạo hộ sinh trung cấp)</subfield>
   <subfield code="c">Ngô Huy Hoàng, Trần Việt Tiến (chủ biên)</subfield>
  </datafield>
  <datafield tag="250" ind1=" " ind2=" ">
   <subfield code="a">Tái bản lần thứ 1</subfield>
  </datafield>
  <datafield tag="260" ind1=" " ind2=" ">
   <subfield code="a">H.</subfield>
   <subfield code="b">Giáo dục Việt Nam</subfield>
   <subfield code="c">2015</subfield>
  </datafield>
  <datafield tag="300" ind1=" " ind2=" ">
   <subfield code="a">282 tr.</subfield>
   <subfield code="b">Hình vẽ</subfield>
   <subfield code="c">27cm</subfield>
  </datafield>
  <datafield tag="500" ind1=" " ind2=" ">
   <subfield code="a">ĐTTS ghi: Bộ Y tế</subfield>
  </datafield>
  <datafield tag="520" ind1="3" ind2=" ">
   <subfield code="a">Mỗi bài học bao gồm nội dung cơ bản, phần đầu nhằm cung cấp cho người học những kiến thức cơ bản nhất về một bệnh và phần còn lại là nội dung chăm sóc cho người mắc bệnh tương ứng.</subfield>
  </datafield>
  <datafield tag="653" ind1=" " ind2=" ">
   <subfield code="a">Y Đa khoa</subfield>
  </datafield>
  <datafield tag="700" ind1="1" ind2=" ">
   <subfield code="a">Trần Việt Tiến</subfield>
   <subfield code="e">Đồng chủ biên</subfield>
  </datafield>
  <datafield tag="942" ind1=" " ind2=" ">
   <subfield code="2">ddc</subfield>
   <subfield code="c">BK</subfield>
  </datafield>
  <datafield tag="952" ind1=" " ind2=" ">
   <subfield code="0">0</subfield>
   <subfield code="1">0</subfield>
   <subfield code="2">ddc</subfield>
   <subfield code="4">0</subfield>
   <subfield code="6">610_730000000000000_H407</subfield>
   <subfield code="7">0</subfield>
   <subfield code="9">15760</subfield>
   <subfield code="a">000001</subfield>
   <subfield code="b">000001</subfield>
   <subfield code="d">2019-02-22</subfield>
   <subfield code="o">610.73 H407</subfield>
   <subfield code="p">MD.14439</subfield>
   <subfield code="r">2019-02-22</subfield>
   <subfield code="v">78000.00</subfield>
   <subfield code="w">2019-02-22</subfield>
   <subfield code="y">BK</subfield>
  </datafield>
  <datafield tag="952" ind1=" " ind2=" ">
   <subfield code="0">0</subfield>
   <subfield code="1">0</subfield>
   <subfield code="2">ddc</subfield>
   <subfield code="4">0</subfield>
   <subfield code="6">610_730000000000000_H407</subfield>
   <subfield code="7">0</subfield>
   <subfield code="9">15761</subfield>
   <subfield code="a">000001</subfield>
   <subfield code="b">000001</subfield>
   <subfield code="d">2019-02-22</subfield>
   <subfield code="o">610.73 H407</subfield>
   <subfield code="p">MD.14440</subfield>
   <subfield code="r">2019-02-22</subfield>
   <subfield code="v">78000.00</subfield>
   <subfield code="w">2019-02-22</subfield>
   <subfield code="y">BK</subfield>
  </datafield>
  <datafield tag="952" ind1=" " ind2=" ">
   <subfield code="0">0</subfield>
   <subfield code="1">0</subfield>
   <subfield code="2">ddc</subfield>
   <subfield code="4">0</subfield>
   <subfield code="6">610_730000000000000_H407</subfield>
   <subfield code="7">0</subfield>
   <subfield code="9">15762</subfield>
   <subfield code="a">000001</subfield>
   <subfield code="b">000001</subfield>
   <subfield code="d">2019-02-22</subfield>
   <subfield code="l">1</subfield>
   <subfield code="o">610.73 H407</subfield>
   <subfield code="p">MD.14441</subfield>
   <subfield code="r">2020-11-20</subfield>
   <subfield code="s">2020-11-03</subfield>
   <subfield code="v">78000.00</subfield>
   <subfield code="w">2019-02-22</subfield>
   <subfield code="y">BK</subfield>
  </datafield>
  <datafield tag="952" ind1=" " ind2=" ">
   <subfield code="0">0</subfield>
   <subfield code="1">0</subfield>
   <subfield code="2">ddc</subfield>
   <subfield code="4">0</subfield>
   <subfield code="6">610_730000000000000_H407</subfield>
   <subfield code="7">0</subfield>
   <subfield code="9">15763</subfield>
   <subfield code="a">000001</subfield>
   <subfield code="b">000001</subfield>
   <subfield code="d">2019-02-22</subfield>
   <subfield code="o">610.73 H407</subfield>
   <subfield code="p">MD.14442</subfield>
   <subfield code="r">2019-02-22</subfield>
   <subfield code="v">78000.00</subfield>
   <subfield code="w">2019-02-22</subfield>
   <subfield code="y">BK</subfield>
  </datafield>
  <datafield tag="952" ind1=" " ind2=" ">
   <subfield code="0">0</subfield>
   <subfield code="1">0</subfield>
   <subfield code="2">ddc</subfield>
   <subfield code="4">0</subfield>
   <subfield code="6">610_730000000000000_H407</subfield>
   <subfield code="7">0</subfield>
   <subfield code="9">15764</subfield>
   <subfield code="a">000001</subfield>
   <subfield code="b">000001</subfield>
   <subfield code="d">2019-02-22</subfield>
   <subfield code="o">610.73 H407</subfield>
   <subfield code="p">MD.14443</subfield>
   <subfield code="r">2019-02-22</subfield>
   <subfield code="v">78000.00</subfield>
   <subfield code="w">2019-02-22</subfield>
   <subfield code="y">BK</subfield>
  </datafield>
  <datafield tag="980" ind1=" " ind2=" ">
   <subfield code="a">Thư viện Trường Đại học Nam Cần Thơ</subfield>
  </datafield>
 </record>
</collection>
